Ciudades de España con más de 300 000 habitantes - Muerte Súbita - Estadísticas

Estadísticas generales
  • Esta prueba ha sido intentada 201 veces
  • La puntuación promedio es 8 de 13
Answers on the Grid
Answers color-coded by a green-red scale on the quiz's grid according to % correct below.
Madrid
Barcelona
Valencia
Sevilla
Zaragoza
Málaga
Murcia
Palma de Mallorca
Las Palmas de Gran Canaria
Alicante
Bilbao
Córdoba
Valladolid
Vigo
Hospitalet de Llobregat
Gijón
Vitoria
A Coruña
Elche
Granada
Tarrasa
Badalona
Sabadell
Oviedo
Cartagena
Móstoles
 
Estadísticas de respuestas
Respuesta % Correcto
Barcelona
84%
Madrid
81%
Sevilla
79%
Valencia
75%
Zaragoza
68%
Málaga
67%
Bilbao
62%
Murcia
53%
Palma de Mallorca
51%
Alicante
41%
Las Palmas de Gran Canaria
40%
Córdoba
32%
Valladolid
32%
No se encontraron pruebas coincidentes
Distribución de puntuación
Porcentaje de gente con cada puntuación
Porcentaje por número respondido
Historial de tus puntuaciones
No has intentado esta prueba.